00865nam a2200265Ia 4500008004100000020001800041100001700059245003000076245002000106260001500126260002000141260000900161300001600170300003700186300001300223440002300236440001300259500009800272650002500370650002500395700000800420700006000428999001900488952009200507160803s9999 xx 000 0 und d a9780545333108 aMarsh, Laura aAmazing animal journeys / cby Laura Marsh. aNew York : bScholastic Inc. c2010 a48 pages :  bcolor illustrations, color maps  c; 23 cm. aScience readers.,  vLevel 3. a"This edition is available for distribution only through the school market"--Page 4 of cover. aAnimal migration --  xJuvenile literature. a810 aGreat migrations: Amazing animal journeys, other title. c299103d299103 001040aSSISBbSSISBcLEXd2016-08-03l0pSC-1029r2016-08-03 00:00:00w2016-08-03yBK